00434pab a2200145 454500008004000000100001500040245011400055260000900169300001500178362000800193650002100201650001800222700001900240773002900259180718b2017 xxu||||| |||| 00| 0 eng d aBel, Germa aWhat have we learned from the last three decades of empirical studies on factors driving local privatisation? c2017 ap.503-511. aAug aPublic utilities aPrivatization aFageda, Xavier aLocal Government Studies